000 01281nam0a2200373 4500
001 RU\NLR\bibl\265621
005 20260406054643.0
010 _a5-8183-0356-X
_bВ пер.
_95000
021 _aRU
_b2001-62546
_93048
035 _a(NLR Aleph) 000261203
090 _a1525828
_c1525828
100 _a20020426d2001 |||y0rusy50 ca
101 0 _arus
102 _aRU
105 _aa |||||||||
200 1 _aДао татуировки
_fР. И. Егоров
210 _aМ.
_cГранд
_cФАИР-пресс
_d2001
215 _a199 с., [8] л. ил.
_cил.
_d26
300 _aПеред вып. дан. авт.: Егоров Роман Игоревич (Porfiriy Ra Stone)
320 _aБиблиогр.: с. 196
606 0 _aМолодежная культура
_91490391
_3RU\NLR\auth\66640589
610 0 _aТатуировка
675 _a391.91
_v3
_zrus
686 _a03.61
_2rugasnti
686 _a63.5
_2rubbk
686 _aН937.8
686 _aС550.325.1
700 1 _4070
_8rus
_7ca
_aЕгоров
_bР. И.
_cпопуляризатор
_gРоман Игоревич
_3RU\NLR\auth\779149
_9119008
801 0 _aRU
_bRKP
_c20020426
_gPSBO
801 1 _aRU
_bRKP
_c20020426
801 2 _aRU
_bNLR
_c20020627
_grcr
942 _cBOOK
980 _aNB